Αιολική γη
Αποθηκεύτηκε σε:
| Κύριος συγγραφέας: | |
|---|---|
| Μορφή: | Βιβλίο |
| Γλώσσα: | Greek |
| Δημοσίευση: |
Αθήνα :
Εστία,
1995.
|
| Έκδοση: | 35η έκδ. |
| Θέματα: | |
| Ετικέτες: |
Προσθήκη ετικέτας
Δεν υπάρχουν, Καταχωρήστε ετικέτα πρώτοι!
|
MARC
| LEADER | 00000cam a2200000 i 4500 | ||
|---|---|---|---|
| 001 | 1/103530 | ||
| 008 | 960725s1995 gr | ||| |||| ||gre|| | ||
| 020 | |a 960050069X | ||
| 035 | |1 ΕΛΗ |a 1996 |b 2507 |c ΒΙΒΛΙΟΘΗΚΗ |l 10058506 | ||
| 040 | |a GR-MyUA |b gre |e AACR2 | ||
| 041 | 0 | |a gre | |
| 082 | 0 | |a 889.34 | |
| 100 | 1 | |a Βενέζης, Ηλίας, |d 1904-1973. | |
| 245 | 1 | 0 | |a Αιολική γη / |c Ηλία Βενέζη. |
| 250 | |a 35η έκδ. | ||
| 260 | |a Αθήνα : |b Εστία, |c 1995. | ||
| 300 | |a 309 σ. ; |c 24 εκ. | ||
| 500 | |a Πρόλογοι: Αγγελου Σικελιανού, Lawrence Durrell, Pierre Amandry. | ||
| 650 | 0 | 0 | |a Greek fiction. |
| 650 | 0 | 0 | |a Greek literature, Modern. |
| 852 | |a INST |b LESVOS |e 20000301 |h 889.34 ΒΕΝ |p 005100023747 |q 005100023747 |t BK |y 0 | ||
| 852 | |a INST |b SAMOS |e 19960725 |h 889.3 ΒΕΝ |p 005300009402 |q 005300009402 |t BK |y 0 | ||
| 909 | |a Σ |b 041701 | ||
| 909 | |a Λ |b 073505 | ||
| 922 | |a 1ΕΛΗ |b 199912 |c ΚΠΣ/ΤΚΑ |d EMVASIS | ||
| 950 | |a 117-1999-12-16 | ||